000
00200nam a22000857a 4500
008
160909b xxu||||| |||| 00| 0 eng d
100
_9
344
_a
CBSE
245
_a
Economics-XII
260
_a
New Delhi
_b
CBSE
_c
2011
999
_c
3004
_d
3004